Visualizzazione normale
Vista MARC
- Hegel, Georg Wilhelm Friedrich,
di Personal Name
Records bibliografici associati: 3
001 - CONTROL NUMBER
- control field: 61896
003 - CONTROL NUMBER IDENTIFIER
- control field:
005 - DATE AND TIME OF LATEST TRANSACTION
- control field: 20250319122540.0
008 - FIXED-LENGTH DATA ELEMENTS
- fixed length control field: 250319|| aca||aabn | a|a d
040 ## - CATALOGING SOURCE
- Original cataloging agency:
- Transcribing agency:
100 ## - HEADING--PERSONAL NAME
- Personal name: Hegel, Georg Wilhelm Friedrich,
- Dates associated with a name: 1770-1831
670 ## - SOURCE DATA FOUND
- Source citation: Work cat.: ()360451: Hegel, Georg Wilhelm Friedrich, 1770-1831 autore, Arte e morte dell'arte :, [1997].